Регионална библиотека "Любен Каравелов" - Русе

Литературният вид на началния етап на образование (Запис номер 99549)

MARC детайли
000 -Лидер
Контролно поле с фиксирана дължина 01812nam a2200397 c 4500
003 - Код на организацията, давaща контролен номер
Контролно поле BLK
005 - Дата и час на последна редакция
Контролно поле 20241109151218.0
008 - Елементи от данни с фиксирана дължина
fixed length control field 180409b bul|||||r ||||||| ||bul||
010 ## - Наследен системен номер
LC control number KNG00104558000
020 ## - Международен стандартен номер на книга ISBN
Международен стандартен номер на книга ISBN 954-9550-95-8
-- издат.: Гея-Либрис
040 ## - Източник на каталожния запис
Идентификатор на билиотеката - собственик на записа BLK
041 ## - Код за език
Код за езика на текст/звукозапис или на отделно заглавие Български
Код за езика КДБФ Български
080 ## - УДК
Текстов определител УДК Основи на четенето. Методи на обучение в четенето
УДК код - определител по УДК 372.41
УДК определител
УДК - код + определител 372.41
080 ## - УДК
Текстов определител УДК Литература в основното училище. Методика на обучението
УДК код - определител по УДК 373.3.016:821
УДК определител
УДК - код + определител 373.3.016:821
100 1# - Редна дума - Автор
Автор Иванова, Нели Стоянова
Авторска отговорност първи автор
R(LIN) 363475
139 ## - Редно поле
Редна дума Иванова, Нели Стоянова
Авторски знак Иванова - И 22
245 10 - Сведения за заглавието
Заглавие Литературният вид на началния етап на образование
Редно поле (дума) Нели Стоянова Иванова.
257 ## - Страна на издаване
Страна на създаване/издаване България
260 ## - Област на издателските данни
-- София
Име на издателя, разпространителя и проч. Гея-Либрис
Година на издаване 2002
Печатница София : Д. Благоев
300 ## - Физическа характеристика
Страници 176 с.
Размери/Мащаб 21 см
380 ## - Жанр
Жанр Обществени науки
500 ## - Общи забележки
Забележка Съдържа и Методически варианти на уроци / Мария Василева Иванова
650 #4 - Допълнително описание по предмет – тема
Основно описание – тема или топоним Литература - методика на преподаването - за основни училища
9 (RLIN) 249254
650 #4 - Допълнително описание по предмет – тема
Основно описание – тема или топоним Литературни родове, видове и жанрове
9 (RLIN) 285677
653 ## - Ключова дума – ненормативна
Ключова дума методика на преподаването
653 ## - Ключова дума – ненормативна
Ключова дума разкази
653 ## - Ключова дума – ненормативна
Ключова дума приказки
653 ## - Ключова дума – ненормативна
Ключова дума басни
653 ## - Ключова дума – ненормативна
Ключова дума народни песни
852 ## - Местоположение
Форматна сигнатура Цб 213350
856 4# - Електронен адрес и достъп
Електронен формат pdf - файл
Път до файла /url/
856 4# - Електронен адрес и достъп
Електронен формат pdf - файл
Път до файла /url/
942 ## - АРТИКУЛИ
Вид на библиотечния материал Книги
Скрит в OPAC Не
Koha issues (borrowed), all copies 14
944 ## - СЪЗДАВАНЕ И РЕДАКЦИЯ на ЗАПИСА
Създаване/Редакция Създаване
Дата на регистрацията/редакция 01.01.2002
Служител, извършил регистрацията/редакцията 30535
Статус, дата на статуса Христина Везирева
944 ## - СЪЗДАВАНЕ И РЕДАКЦИЯ на ЗАПИСА
Създаване/Редакция Редакция
Дата на регистрацията/редакция 07.06.2004
Служител, извършил регистрацията/редакцията
999 ## - СИСТЕМНИ КОНТРОЛНИ НОМЕРА
Koha biblionumber 99549
Koha biblioitemnumber 99549
Наличности
Код за отписване Код за изгубен артикул Източник на класификационната схема Код за повреда Коз за рестрикции Код за отдаване Артикулен № Име на библиотеката - собственик Име на библиотеката, в която се намира в момента Статус (Текущо местоположение) Дата на вписване в системата Местоположение - отдел Цена в лева Инвентарен номер Систематично азбучна сигнатура Баркод Номер на екземпляра Цена в евро Служебна бележка Служебен тип на артикула
  Не е изгубен Universal Decimal Classification Не е повреден без рестрикции заемане за дома 160376 Регионална библиотека "Любен Каравелов" Русе Регионална библиотека "Любен Каравелов" Русе Заемна - подръчен фонд 2002-12-06 Заемна - подръчен фонд 4.20 120000673677 373.3/И 22 Н 120000673677 1 2.15 Дост: Pk Вид: Ф N: 45 Дата: 04.12.2002 Дата инв: 07.02.2018 Бележки инв: П2018 Книги
  Не е изгубен Universal Decimal Classification Не е повреден без рестрикции заемане за дома 160377 Регионална библиотека "Любен Каравелов" Русе Регионална библиотека "Любен Каравелов" Русе Заемна - подръчен фонд 2002-12-17 Заемна - подръчен фонд 4.20 120000674058 373.3/И 22 Н 120000674058 2 2.15 Дост: Pk Вид: Ф N: 47 Дата: 16.12.2002 Дата инв: 07.02.2018 Бележки инв: П2018 Книги
  Не е изгубен Universal Decimal Classification Не е повреден без рестрикции заемане за дома 160378 Регионална библиотека "Любен Каравелов" Русе Регионална библиотека "Любен Каравелов" Русе Детски отдел 2002-12-17 Детски отдел 4.20 120000674059 ДН 373.3.016:028 /И 22 120000674059 3 2.15 Дост: Pk Вид: Ф N: 47 Дата: 16.12.2002 Дата инв: 21.08.2015 Бележки инв: Д2015 Книги
  Не е изгубен   Не е повреден без рестрикции ползва се в читалня 160379 Регионална библиотека "Любен Каравелов" Русе Регионална библиотека "Любен Каравелов" Русе Хранилище 2004-05-10 Хранилище 4.20 120000685241 Цб 213350 120000685241 4 2.15 Дост: Dp Вид: Д N: 27 Дата: 25.06.2003 Книги
Vip Innovations Ltd, Rousse, Bulgaria 2025